| 000 | 00470nam a2200169 i 4500 | ||
|---|---|---|---|
| 001 | 146926 | ||
| 003 | ES-MaACL | ||
| 005 | 20250531063034.0 | ||
| 007 | t| | ||
| 008 | 070919s1973 sp ||||1| spa d | ||
| 100 | 1 |
_aTudela, Mariano, _d1925-2001 _9111632 |
|
| 245 | 1 | 0 |
_aUltimas noches del corazón / _cMariano Tudela. |
| 260 |
_aMadrid : _bSala, _c[1973] |
||
| 300 |
_a185 p. ; _c20 cm. |
||
| 852 |
_aES-MaACL _jC-52546 _bR.85559 |
||
| 999 |
_c146926 _d146926 |
||